Formula 1 - Groups of... #4 - Statistics

General Stats
  • This quiz has been taken 62 times
  • The average score is 22 of 37
Answer Stats
% Correct
Sergio Perez
100%
Alexander Albon
98%
LewisHamilton - 3
98%
LewisHamilton - 6
98%
Liam Lawson
96%
Monza
96%
PierreGasly -1
96%
Pierre Gasly
96%
Yuki Tsunoda
96%
Daniel Ricciardo
95%
MichaelSchumacher - 5
95%
Imola
91%
MaxVerstappen - 5
88%
AyrtonSenna - 4
82%
CharlesLeclerc - 2
73%
SebastianVettel - 4
73%
FernandoAlonso - 5
70%
JimClark - 8
55%
NicoHülkenberg - 3
55%
Mugello
52%
EstebanOcon - 1
50%
NigelMansell - 4
50%
GeorgeRussell - 1
39%
JackieStewart - 4
39%
Red BullRB19 - 95.4
38%
Pescara
34%
AlbertoAscari - 5
32%
RubensBarrichello - 5
25%
StirlingMoss - 6
23%
FerrariF2004 - 83.3
20%
McLarenMP4/4 - 93.7
20%
Mercedes AMG W07 - 90.5
18%
FerrariF2002 - 93.3
16%
Mercedes AMG W05 - 84.2
16%
Mercedes AMG W06 - 84.2
16%
JohnSurtees - 6
14%
RiccardoPatrese - 5
13%
No matching quizzes found
Score Distribution
Percent of People with Each Score
Percentile by Number Answered
Your Score History
You have not taken this quiz